The twentieth century Bible commentary. (Record no. 621)

000 -LEADER
fixed length control field 00675nam a2200193 a 4500
001 - CONTROL NUMBER
control field :::00013777$&:&@@
003 - CONTROL NUMBER IDENTIFIER
control field OkBaRHE
005 - DATE AND TIME OF LATEST TRANSACTION
control field 20100324134346.0
008 - FIXED-LENGTH DATA ELEMENTS--GENERAL INFORMATION
fixed length control field s1955 j 000 0 eng u
040 ## - CATALOGING SOURCE
Transcribing agency
245 14 - TITLE STATEMENT
Title The twentieth century Bible commentary.
Statement of responsibility, etc Edited by G. Henton Davies, Alan Richardson and Charles L. Wallis.
250 ## - EDITION STATEMENT
Edition statement Rev. ed.
260 ## - PUBLICATION, DISTRIBUTION, ETC. (IMPRINT)
Place of publication, distribution, etc New York, NY., :
Name of publisher, distributor, etc Harper
Date of publication, distribution, etc 1955
300 ## - PHYSICAL DESCRIPTION
Extent xvi, 564 p. : illus., col. maps. ;
Dimensions 24 cm.
650 ## - SUBJECT ADDED ENTRY--TOPICAL TERM
Topical term or geographic name as entry element Bible
General subdivision Commentaries
700 ## - ADDED ENTRY--PERSONAL NAME
Personal name Davies, Gwynne Henton, Ed.
942 ## - ADDED ENTRY ELEMENTS (KOHA)
Source of classification or shelving scheme
Koha item type Books
Copies
Full call number Date acquired Source of classification or shelving scheme Permanent Location Koha item type Price effective from Shelving location Barcode Date last seen Collection code Not for loan Lost status Damaged status Withdrawn status Copy number
BS 491 .T4 19552010-04-14 RHEMA Bible Training CollegeBooks2010-04-14General Stacks137772010-04-14Reference    1